| 000 | 01068nam a22002537a 4500 | ||
|---|---|---|---|
| 005 | 20170512142006.0 | ||
| 010 | _a1617EN ENG-117050 | ||
| 020 |
_a9788182180895 _c200.00 |
||
| 035 | _aB-647467-473 | ||
| 035 | _aEN-100582 | ||
| 035 | _aB-666079 | ||
| 037 |
_adpl _bVariety |
||
| 037 | _bDBAD/PUB | ||
| 082 | _a659.1 | ||
| 100 | _aArvind Kumar | ||
| 245 |
_aAdvertising and brand management / _cby Arvind Kumar [and] Sunaina Sardana |
||
| 260 |
_aNew Delhi _bGalgotia Pub. _c2016 |
||
| 270 |
_a303, 3rd Floor, Hari Sadan, 4637/20, Ansari Road, Darya Ganj, _bNew Delhi _e110002 |
||
| 300 |
_a183p. _c23cm(pbk) |
||
| 700 | _aSardana, Sunaina | ||
| 942 |
_2ddc _cEN _mARV _h659.1 |
||
| 999 |
_c102425 _d102425 |
||